000 00520nam a2200193Ia 4500
003 OSt
005 20250829111030.0
008 220917b |||||||| |||| 00| 0 eng d
037 _cTB
040 _aARTS
_cARTS
_beng
041 _2eng
_aeng
084 _a4,1:(T4:3) L5
_qAL
100 _aKatzen may
_991805
245 0 _aMass communication
_b teaching and studies at university
260 _c1975
650 _aEDUCATION
942 _h4,1:(T4:3) L5
_cTB
_2CC
_n0
999 _c210296
_d210296